Célébrités ayant joué un rôle dans Astérix et Obélix - Statistiques

Statistiques générales
  • Ce quiz a été pris 65 fois
  • Le résultat moyen est 6 sur 10
Statistiques - réponses
Rôle Célébrité % Correct
Tonus Parker - Basketteur dans Astérix aux jeux olympiques. Tony Parker
92%
Numérobis - L’architecte gaffeur dans Mission Cléopatre. Jamel Debbouze
90%
Numérodix - Footballeur dans Astérix aux jeux olympiques. Zinedine Zidane
85%
Otis - Le scribe dans Mission Cléopâtre. Édouard Baer
80%
Schumix - Pilote de char dans Astérix aux jeux olympiques. Michael Schumacher
62%
Antivirus - Centurion romain, dans L’Empire du Milieu. Zlatan Ibrahimović
41%
Joueuse de tennis - Astérix aux jeux olympiques. Amélie Mauresmo
36%
Assurencetourix - Le barde gaulois mal aimé et incompris dans Astérix aux jeux olympiques. Franck Dubosc
36%
Oméga - Juré grec dans Astérix et Obélix aux jeux olympiques. Élie Semoun
33%
Malosinus - légionnaire romain engagé par Brutus afin d’arrêter César dans Astérix et Obélix aux jeux olympiques. Alexandre Astier
8%
Aucun quiz correspondant
Distribution des résultats
% des personnes avec chaque résultat
Percentile par nombre de réponses
Votre historique - résultats
Vous n’avez pas pris ce quiz